| 000 | 03429nam a2200445 i 4500 | ||
|---|---|---|---|
| 001 | 000047561 | ||
| 003 | DO-SdBNP | ||
| 005 | 20260209102914.0 | ||
| 007 | ta | ||
| 008 | 150206s2017 dr ac r 000 0 spa d | ||
| 020 | _a9789945443622 (serie) | ||
| 020 | _a9789945582574 (v. 244) | ||
| 040 |
_aDO-SdBNP _bspa _cBNPHU _erda |
||
| 041 | _aspa | ||
| 082 | 4 |
_aRD860.8 _bC744o 2016 _222 |
|
| 111 | 2 |
_aConcurso de Arte y Literatura Bancentral _n(20 : _d2016 : _cSanto Domingo, República Dominicana) _975208 |
|
| 245 | 1 | 0 |
_aObras premiadas del vigésimo concurso de arte y literatura Bancentral 2016 / _cpresentación, Héctor Valdez Albizu. |
| 264 | 1 |
_aSanto Domingo : _bBanco Central de la República Dominicana _c2017. |
|
| 300 |
_a151 páginas : _bilustraciones, retratos ; _c24 cm. |
||
| 336 |
_atexto _btxt _2rdacontent |
||
| 337 |
_asin mediación _bn _2rdamedia |
||
| 338 |
_avolumen _bnc _2rdacarrier |
||
| 490 | 1 |
_aBanco Central de la República Dominicana ; _v244 |
|
| 490 | 1 |
_aObras premiadas _v20 |
|
| 505 | 0 |
_aPresentación -- _tIntroducción -- _gPrimer premio -- _tEl aniversario / _rWilson Batista Mesa -- _gSegundo premio -- _tSin premiditación y con saña / _rNarda Cecilia Marizán Méndez -- _gTercer premio -- _tEl estudio es sagrado / _rJuan Pablo Reyes -- _gMención de honor -- _tElsa la loca / _rAmarilis Cueto Cabrera -- _gMención de honor -- _tTres días antes de mi muerte / _rDomingo Marte -- _gMención de honor -- _tAmor imposible / _rHemingway Máximo Féliz Báez -- |
|
| 505 | 0 |
_aPintura -- _gPrimer premio -- _tDon Cedo, experiencia de un siglo / _rRafael Elías Fernández García -- _gSegundo premio -- _tSaco e papa/ _rRafael Elías Fernández García -- _gTercer premio -- _tPasión por las artes / _rManuel A. Concepción -- _gMención de honor -- _tManglares / _rHilda Andreína Santos de Rosario -- _gMención de honor -- _tOjo e´ pecao / _rJuan Pérez Hernández. |
|
| 505 | 0 |
_aDibujo -- _gPrimer premio -- _tBahía de las águilas/ _rHilda Andreina Santos de Rosario -- _gSegundo premio -- _tSu majestad: la orquídea / _rHilda Andreina Santos de Rosario -- _gTercer premio -- _tAroma de seducción / _rRut Mabel Herrera Ruiz -- _gMención de honor -- _tFrutos del conocimiento / _rJuan Pérez Hernández . |
|
| 505 | 0 |
_aFotografía -- _gPrimer premio -- _tSiglo XXI -- _rAmarilis Cueto Cabrera / _gSegundo premio -- _tLiberación / _rMelvin Mieses Frías Coplin -- _gTercer premio -- _tAcrobacia artística/ _rDomingo Marte -- _gMención de honor -- _tRecogedor de caña I / _rLuisa F. Medina de Frías -- _gMención de honor -- _tEspejito, espejito... / _rPaola María Tavárez Ramia / _gMención de honor -- _tGotas de alegría / _rRut Mabel Herrera Ruiz. |
|
| 505 | 0 |
_aGanadores del concurso de Arte y Literatura Bancentral (1995-2015) -- _tMiembros del jurado del concurso de Arte y Literatura Bancentral (1995-2016) -- _tColección bibliografíca del Banco Central de la República Dominicana / |
|
| 590 | _aInventariado, 2018/YL | ||
| 650 | 4 |
_aCuentos dominicanos _ySiglo XXI _943522 |
|
| 650 | 4 |
_aCertámenes literarios _ySiglo XXI _943523 |
|
| 650 | 0 |
_aLiteratura dominicana _ySiglo XXI _943524 |
|
| 650 | 4 |
_aPremios literarios _ySiglo XXI _943525 |
|
| 650 | 4 |
_aArte y literatura _ySiglo XXI _975187 |
|
| 700 | 1 |
_aValdez Albizu, Héctor, _d1947- _epresentación _912322 |
|
| 830 | 0 |
_aBanco Central de la República Dominicana _v244 _pObras premiadas _n20 _975209 |
|
| 910 | _aValidado. Control de calidad MFF | ||
| 942 |
_2ddc _cLBS1 |
||
| 999 |
_c47049 _d47049 |
||